Instrumentation and Measurement in Electrical Engineering /

Saved in:
Bibliographic Details
Main Author: Malarić, Roman (Author)
Format: Book
Language:English
Published: Boca Raton : BrownWalker Press, 2011
Tags: Add Tag
No Tags, Be the first to tag this record!

MARC

LEADER 00000nam a22000003a 4500
001 0066707
003 SK-STU
005 20180816131752.6
007 ta
008 180816s ----xo-----e------000-0-----d
020 |a 978-1-62734-678-8 
040 |a STU  |b slo 
041 0 |a eng 
044 |a xxu 
100 1 |a Malarić, Roman  |4 aut  |r Z6 
245 1 0 |a Instrumentation and Measurement in Electrical Engineering /  |c aut. Roman Malarić 
260 |a Boca Raton :  |b BrownWalker Press,  |c 2011 
300 |a 223 s. 
996 |b 284EK89972  |c E* 89972  |l EE34  |s P  |a 0  |w 0066707_0001